[Event "GER-chT U12"]
[Site "Verden an der Aller"]
[Date "2002.12.29"]
[Round "5.2"]
[White "Knop, Jim"]
[Black "Graefe, Charly"]
[Result "0-1"]
[WhiteElo "1297"]
[BlackElo "1550"]
[PlyCount "126"]
[EventDate "2002.12.27"]
[EventType "team"]
[EventRounds "7"]
[EventCountry "GER"]
[SourceTitle "CBM 092 Extra"]
[Source "ChessBase"]
[SourceDate "2003.03.07"]
[SourceVersion "1"]
[SourceVersionDate "2003.03.07"]
[SourceQuality "1"]

1. c4 e5 2. Nc3 Nf6 3. Nf3 Nc6 4. d3 Be7 5. g3 0-0 6. Bg2 d6 7. 0-0 Bg4 8. a3 Qd7 9. b4 a6 10. Bb2 Kh8 11. e3 Rae8 12. Qd2 Ng8 13. d4 exd4 14. exd4 Bf6 15. Nd5 Bh5 16. Nf4 Bg6 17. Nxg6+ fxg6 18. Rab1 Qf7 19. c5 dxc5 20. dxc5 Nd8 21. Rfe1 c6 22. Ne5 Bxe5 23. Bxe5 Nf6 24. Bd6 Rxe1+ 25. Rxe1 Re8 26. Rxe8+ Qxe8 27. Bc7 Nf7 28. Kf1 Qe7 29. Bd6 Qd7 30. Qe3 Nxd6 31. cxd6 Qxd6 32. Kg1 Qd7 33. Bf1 Nd5 34. Qd4 Nf6 35. Qa7 h6 36. Qb8+ Kh7 37. Qe5 Qd5 38. Qxd5 Nxd5 39. Bc4 g5 40. Kg2 Kg6 41. Kf3 Kf5 42. h3 Nc3 43. Ke3 Ke5 44. f4+ gxf4+ 45. gxf4+ Kd6 46. Kd4 Nb5+ 47. Bxb5 axb5 48. f5 b6 49. Ke4 c5 50. bxc5+ bxc5 51. Kd3 Ke5 52. Ke3 Kxf5 53. Kf2 Ke4 54. Ke2 c4 55. Kd2 Kd4 56. Kc2 c3 57. Kc1 Kc4 58. Kc2 b4 59. axb4 Kxb4 60. Kc1 Kb3 61. Kb1 g5 62. Kc1 h5 63. Kb1 g4 0-1